Catalog

Record Details

Catalog Search



Bekennende Kirche wagen : Barmen 1934-1984  Cover Image Book Book

Bekennende Kirche wagen : Barmen 1934-1984 / mit Beiträgen von Jürgen Moltmann ... [et al.] ; herausgegeben von Jürgen Moltmann.

Record details

  • ISBN: 3-459-01562-4
  • Physical Description: 273 s. ; 21 cm.
  • Publisher: München : Chr. Kaiser, c1984.

Content descriptions

General Note:
Meeting was held Feb. 27-Mar. 1, 1984 in Wuppertal-Barmen, and organized by the Gesellschaft für Evangelische Theologie and the Reformierter Bund.
Bibliography, etc. Note:
Includes bibliographical references.
Formatted Contents Note:
Die Synode von Barmen in ihren zeitgeschichtlichen Zusammenhängen / Martin Rohkrämer -- Barmen I und die Juden / Bertold Klappert -- Bekennende Kirche werden / Ulrich Duchrow -- Die zweite und die fünfte These der Barmer Erklärung und der staatliche Gewaltgebrauch / Helmut Simon -- Offenbarung 2,I-7 /Joachim Beckmann -- Offenbarung 3,7-13 / Wilhelm Niesel -- Offenbarung 3,14-22 / Kurt Scharf -- Die VI. These der Barmer Theologischen Erklärung / Hans Joachim Kraus.
Subject: Barmer Theologische Erklärung > Congresses.
Church and state > Germany > History > 20th century > Congresses.
Protestant churches > Germany > History > 20th century > Congresses.
Germany > Church history > 1933-1945 > Congresses.

Available copies

  • 1 of 1 copy available at Common Catalog SPOK.

Holds

  • 0 current holds with 1 total copy.
Show All Copies
Location Call Number / Copy Notes Barcode Shelving Location Status Due Date
ETS Library 241 424470014727 Volný výběr Available -

LDR 01911cam a2200373 a 4500
00132603
003CZ-PrJAB
00520160610105416.0
008840828s1984 gw e b 110 0 ger
010 . ‡a84206491 //r86
020 . ‡a3-459-01562-4
035 . ‡a(CONS)12085
035 . ‡a(UkOxU)013175229
035 . ‡a(OCoLC)ocm11832264
040 . ‡aDLC ‡cDLC
043 . ‡ae-gx---
0500 . ‡aBX4844 ‡b.B44 1984
0820 . ‡a241
24500. ‡aBekennende Kirche wagen : ‡bBarmen 1934-1984 / ‡cmit Beiträgen von Jürgen Moltmann ... [et al.] ; herausgegeben von Jürgen Moltmann.
260 . ‡aMünchen : ‡bChr. Kaiser, ‡cc1984.
300 . ‡a273 s. ; ‡c21 cm.
4900 . ‡aKaiser Traktate ; ‡v83
500 . ‡aMeeting was held Feb. 27-Mar. 1, 1984 in Wuppertal-Barmen, and organized by the Gesellschaft für Evangelische Theologie and the Reformierter Bund.
504 . ‡aIncludes bibliographical references.
5050 . ‡aDie Synode von Barmen in ihren zeitgeschichtlichen Zusammenhängen / Martin Rohkrämer -- Barmen I und die Juden / Bertold Klappert -- Bekennende Kirche werden / Ulrich Duchrow -- Die zweite und die fünfte These der Barmer Erklärung und der staatliche Gewaltgebrauch / Helmut Simon -- Offenbarung 2,I-7 /Joachim Beckmann -- Offenbarung 3,7-13 / Wilhelm Niesel -- Offenbarung 3,14-22 / Kurt Scharf -- Die VI. These der Barmer Theologischen Erklärung / Hans Joachim Kraus.
63020. ‡aBarmer Theologische Erklärung ‡xCongresses.
650 0. ‡aChurch and state ‡zGermany ‡xHistory ‡y20th century ‡xCongresses.
650 0. ‡aProtestant churches ‡zGermany ‡xHistory ‡y20th century ‡xCongresses.
651 0. ‡aGermany ‡xChurch history ‡y1933-1945 ‡xCongresses.
7001 . ‡aMoltmann, Jürgen.
7102 . ‡aGesellschaft für Evangelische Theologie (Germany)
7102 . ‡aReformierter Bund (Germany)
8524 . ‡bETS ‡bETS ‡cVolný výběr ‡j241 ‡p424470014727 ‡y$50.00
910 . ‡aABG450
999 . ‡a12085 ‡c12085 ‡tbiblio
905 . ‡uadmin
901 . ‡a32603 ‡b ‡c32603 ‡tbiblio ‡sets

Additional Resources